[Event "CAN-ch U20 op"]
[Site "Toronto CAN"]
[Date "2018.08.09"]
[Round "2.2"]
[White "Li, Eric M"]
[Black "Bremner, William"]
[Result "1-0"]
[WhiteElo "2037"]
[BlackElo "2198"]
[PlyCount "91"]
[EventDate "2018.08.08"]
[EventType "swiss"]
[EventRounds "9"]
[EventCountry "CAN"]

1. d4 Nf6 2. Bf4 d5 3. e3 c5 4. c3 Nc6 5. Nd2 e6 6. Ngf3 Bd6 7. Bg3 O-O 8. Bd3
b6 9. O-O Bb7 10. Ne5 Ne7 11. Qb1 Rc8 12. Bh4 Ng6 13. Nxg6 hxg6 14. f4 Be7 15.
Bxf6 Bxf6 16. Nf3 Rc7 17. Qe1 Qc8 18. Qe2 Rd8 19. g4 a5 20. g5 Be7 21. h4 Bd6
22. Ne5 a4 23. a3 c4 24. Bc2 b5 25. Rf2 Bc6 26. h5 gxh5 27. Qxh5 g6 28. Qh4 Bf8
29. Rh2 Bg7 30. Rf1 Be8 31. Qh7+ Kf8 32. Ng4 f5 33. gxf6 Bxf6 34. Qh3 Bg7 35.
Ne5 Bf6 36. Rg2 Rg7 37. Ng4 Be7 38. Qh8+ Rg8 39. Qh6+ Rg7 40. Ne5 Bf6 41. Nxg6+
Bxg6 42. Rxg6 Qd7 43. Kf2 Rc8 44. Rfg1 Rc7 45. Rxf6+ Kg8 46. Rxg7+ 1-0

[Event "CAN-ch U20 op"]
[Site "Toronto CAN"]
[Date "2018.08.09"]
[Round "2.3"]
[White "Zhang, Henry"]
[Black "Singh, Malhar"]
[Result "0-1"]
[WhiteElo "2194"]
[BlackElo "1825"]
[PlyCount "128"]
[EventDate "2018.08.08"]
[EventType "swiss"]
[EventRounds "9"]
[EventCountry "CAN"]

1. e4 e6 2. d4 d5 3. Nd2 Nf6 4. e5 Nfd7 5. Bd3 c5 6. c3 Nc6 7. Ne2 f6 8. exf6
Nxf6 9. O-O Bd6 10. Nf3 O-O 11. Bf4 Ng4 12. Qd2 e5 13. dxe5 Ngxe5 14. Nxe5 Nxe5
15. Bxe5 Bxe5 16. Rad1 Bc7 17. Qc2 Qh4 18. Ng3 Bg4 19. Be2 Bf5 20. Qb3 Be4 21.
Qxb7 Qf4 22. Bc4 Rab8 23. Bxd5+ Kh8 24. Qxa7 Bxd5 25. Rxd5 Rxb2 26. Rd3 Bb6 27.
Qe7 Rxf2 28. Rf3 Rxf3 29. gxf3 c4+ 30. Kh1 Bd8 31. Qe4 Qf7 32. Kg2 h5 33. Ne2
Re8 34. Qc2 Qe7 35. Nd4 Qg5+ 36. Kh1 Re3 37. Rg1 Qf6 38. Rg6 Qf4 39. Rg1 Bc7
40. Qg2 g6 41. Ne2 Qh4 42. Rf1 Qxh2+ 43. Qxh2 Bxh2 44. Kxh2 Rxe2+ 45. Kg3 Rxa2
46. Kf4 Ra3 47. Kg5 Kg7 48. Rc1 Ra5+ 49. Kf4 Kf6 50. Rd1 g5+ 51. Kg3 Ra3 52.
Rc1 Kf5 53. Rc2 h4+ 54. Kf2 Kf4 55. Kg2 Ke3 56. Rc1 Ra2+ 57. Kh3 Kxf3 58. Rf1+
Rf2 59. Rg1 g4+ 60. Kxh4 Rh2+ 61. Kg5 g3 62. Rf1+ Rf2 63. Rg1 g2 64. Kh4 Rf1
0-1

[Event "CAN-ch U20 op"]
[Site "Toronto CAN"]
[Date "2018.08.09"]
[Round "2.4"]
[White "Zhao, Jeffrey Renfei"]
[Black "Li, William"]
[Result "1/2-1/2"]
[WhiteElo "2002"]
[BlackElo "2192"]
[PlyCount "59"]
[EventDate "2018.08.08"]
[EventType "swiss"]
[EventRounds "9"]
[EventCountry "CAN"]

1. e4 c5 2. Nf3 d6 3. d4 cxd4 4. Nxd4 Nf6 5. Nc3 a6 6. Be3 e5 7. Nb3 Be6 8. Be2
Be7 9. O-O O-O 10. f4 exf4 11. Bxf4 Nc6 12. Kh1 Ne5 13. Nd4 Qc7 14. Qe1 b5 15.
a3 Qb7 16. Rd1 Rac8 17. Qg3 Nxe4 18. Nxe4 Qxe4 19. Rfe1 Bh4 20. Qxh4 Ng6 21.
Qg3 Qxf4 22. Nxe6 fxe6 23. Bg4 Qxg3 24. hxg3 Rxc2 25. Bxe6+ Kh8 26. Rxd6 Rxb2
27. Rxa6 Re8 28. Re3 Nf8 29. Rf3 Nxe6 30. Rxe6 1/2-1/2

[Event "CAN-ch U20 op"]
[Site "Toronto CAN"]
[Date "2018.08.09"]
[Round "2.5"]
[White "Li, Kevin"]
[Black "Jiang, Brian"]
[Result "0-1"]
[WhiteElo "1706"]
[BlackElo "2094"]
[PlyCount "58"]
[EventDate "2018.08.08"]
[EventType "swiss"]
[EventRounds "9"]
[EventCountry "CAN"]

1. e4 c5 2. Nf3 Nc6 3. d4 cxd4 4. Nxd4 e6 5. Be3 Qc7 6. Nc3 a6 7. a3 b5 8. f4
Bb7 9. Qf3 Nf6 10. g4 b4 11. axb4 Bxb4 12. Bd3 d5 13. e5 Ne4 14. Bxe4 dxe4 15.
Qe2 Rd8 16. Qc4 a5 17. Ndb5 Qe7 18. g5 O-O 19. O-O Rc8 20. Qe2 Rfd8 21. Bb6
Bc5+ 22. Bxc5 Qxc5+ 23. Kh1 e3 24. Ne4 Nxe5 25. Nbc3 Nc4 26. Kg1 Qd4 27. Rad1
Nd2 28. Ng3 Qb6 29. Nh5 Qc6 0-1

[Event "CAN-ch U20 op"]
[Site "Toronto CAN"]
[Date "2018.08.09"]
[Round "2.6"]
[White "Zheng, Kevin"]
[Black "Zhao, Jeffrey R"]
[Result "1-0"]
[WhiteElo "1966"]
[BlackElo "2017"]
[PlyCount "143"]
[EventDate "2018.08.08"]
[EventType "swiss"]
[EventRounds "9"]
[EventCountry "CAN"]

1. d4 Nf6 2. c4 g6 3. Nc3 Bg7 4. Nf3 O-O 5. Bf4 d6 6. e3 Nbd7 7. Be2 Re8 8. O-O
e5 9. dxe5 dxe5 10. Nxe5 Qe7 11. Nxd7 Bxd7 12. Bxc7 Be6 13. Nb5 Rec8 14. Bd6
Qd7 15. Rc1 a6 16. Na3 Ne4 17. Bb4 Bxb2 18. Rc2 Qxd1 19. Rxd1 a5 20. Be7 Be5
21. Nb5 f5 22. c5 Kf7 23. Bd6 Nxd6 24. Nxd6+ Bxd6 25. Rxd6 Rc7 26. h3 Rac8 27.
Rb2 Ke7 28. Rd4 Kf6 29. Rb6 Rxc5 30. Rdd6 R8c6 31. Rdxc6 bxc6 32. a4 Rc1+ 33.
Kh2 Bd5 34. Kg3 Ke5 35. Ra6 Rc5 36. Ra7 h6 37. Rh7 h5 38. Rh6 Kf6 39. Rh8 Bb3
40. Kf4 Bxa4 41. g4 g5+ 42. Kf3 fxg4+ 43. hxg4 h4 44. Kg2 Bb5 45. Bd1 Rd5 46.
Bc2 Bd3 47. Bxd3 Rxd3 48. Rh6+ Ke5 49. Rxc6 Rd5 50. Rc4 Kf6 51. Rc6+ Ke5 52.
Rc4 Kf6 53. Rc6+ Ke7 54. Rc4 Rd6 55. Rc5 Ra6 56. Rxg5 a4 57. Rb5 a3 58. Rb1 a2
59. Ra1 Kd6 60. Kh3 Kc5 61. Kxh4 Kb4 62. f4 Ka3 63. g5 Rb6 64. f5 Rb1 65. Rxa2+
Kxa2 66. g6 Re1 67. f6 Rh1+ 68. Kg5 Rg1+ 69. Kf5 Rf1+ 70. Ke6 Re1 71. g7 Rxe3+
72. Kf7 1-0

[Event "CAN-ch U20 op"]
[Site "Toronto CAN"]
[Date "2018.08.09"]
[Round "2.7"]
[White "Gao, Raymond"]
[Black "Rusonik, Max"]
[Result "1-0"]
[WhiteElo "1736"]
[BlackElo "1970"]
[PlyCount "90"]
[EventDate "2018.08.08"]
[EventType "swiss"]
[EventRounds "9"]
[EventCountry "CAN"]

1. e4 e5 2. Nf3 Nc6 3. Bb5 f5 4. d4 fxe4 5. Bxc6 dxc6 6. Nxe5 Nf6 7. Bg5 c5 8.
Nc3 Qxd4 9. Bxf6 Qxd1+ 10. Rxd1 gxf6 11. Nd5 Bd6 12. Nxf6+ Ke7 13. Nd5+ Ke6 14.
Nc4 c6 15. Nc3 Bc7 16. Nxe4 b6 17. O-O Ba6 18. Ned6 Rad8 19. Rfe1+ Kf6 20. g3
Bxc4 21. Nxc4 b5 22. Ne3 h5 23. Kg2 c4 24. f4 Rhe8 25. Kf3 Bb6 26. Rxd8 Rxd8
27. Rd1 Rxd1 28. Nxd1 b4 29. h3 a5 30. Ne3 Bxe3 31. Kxe3 c5 32. b3 c3 33. Kd3
Kf5 34. Kc4 Ke4 35. Kxc5 h4 36. gxh4 Ke3 37. f5 Kd2 38. f6 Kxc2 39. f7 Kb2 40.
f8=Q a4 41. Kxb4 axb3 42. axb3 c2 43. Qf1 Ka2 44. Kc5 c1=Q+ 45. Qxc1 Kxb3 1-0

[Event "CAN-ch U20 op"]
[Site "Toronto CAN"]
[Date "2018.08.09"]
[Round "2.8"]
[White "James, Rowan"]
[Black "Xu, Jeffrey"]
[Result "0-1"]
[WhiteElo "1904"]
[BlackElo "2221"]
[PlyCount "114"]
[EventDate "2018.08.08"]
[EventType "swiss"]
[EventRounds "9"]
[EventCountry "CAN"]

1. e4 e6 2. d3 d5 3. Nd2 c5 4. g3 Bd6 5. Bg2 Ne7 6. Ngf3 Nbc6 7. O-O O-O 8. Nh4
Bc7 9. Nb3 b6 10. f4 f5 11. Qe2 fxe4 12. dxe4 a5 13. exd5 exd5 14. c4 d4 15. f5
Be5 16. Bg5 Bf6 17. Bxf6 Rxf6 18. g4 h6 19. Rae1 Ra7 20. Bxc6 Rxc6 21. Qe4 Rf6
22. Nd2 Rd7 23. Ng6 Nxg6 24. fxg6 Rxf1+ 25. Nxf1 Kf8 26. Ng3 Re7 27. Qf3+ Kg8
28. Rxe7 Qxe7 29. Qa8 Qb7 30. Qxb7 Bxb7 31. Nf5 Bf3 32. Kf2 Bxg4 33. Ne7+ Kf8
34. Nd5 Bf5 35. Nxb6 Ke7 36. Nd5+ Kd6 37. Nf4 Ke5 38. Ne2 Bxg6 39. Nc1 a4 40.
Ke2 Bb1 41. Kd2 g5 42. a3 g4 43. b3 axb3 44. Nxb3 Kd6 45. Ke2 h5 46. Kf2 h4 47.
Nd2 Bc2 48. h3 gxh3 49. Nf3 Be4 50. Ng5 Bg2 51. Nf7+ Kc6 52. Ne5+ Kb6 53. Kg1
Be4 54. Kh2 d3 55. Nd7+ Kc7 56. Nxc5 d2 57. Nxe4 d1=Q 0-1

[Event "CAN-ch U20 op"]
[Site "Toronto CAN"]
[Date "2018.08.09"]
[Round "2.9"]
[White "Xu, Daniel"]
[Black "Liu, Harrison"]
[Result "1-0"]
[WhiteElo "2095"]
[BlackElo "1787"]
[PlyCount "57"]
[EventDate "2018.08.08"]
[EventType "swiss"]
[EventRounds "9"]
[EventCountry "CAN"]

1. d4 Nf6 2. c4 g6 3. Nc3 d5 4. cxd5 Nxd5 5. e4 Nxc3 6. bxc3 Bg7 7. Bc4 O-O 8.
Ne2 c5 9. O-O Nc6 10. Be3 Bd7 11. Rc1 Rc8 12. Qd2 cxd4 13. cxd4 e6 14. Bb3 Na5
15. Rxc8 Bxc8 16. Rc1 Nxb3 17. axb3 Qd7 18. Qc2 a6 19. Rd1 b5 20. d5 exd5 21.
Rxd5 Qb7 22. Bc5 Re8 23. Qd3 Be6 24. Rd8 Qc6 25. Qd6 Qxd6 26. Rxe8+ Qf8 27.
Bxf8 Bxf8 28. Nd4 Bd7 29. Rd8 1-0

[Event "CAN-ch U20 op"]
[Site "Toronto CAN"]
[Date "2018.08.09"]
[Round "2.10"]
[White "Adamo, Brendan"]
[Black "Ning, Eric"]
[Result "1-0"]
[WhiteElo "1821"]
[BlackElo "1955"]
[PlyCount "139"]
[EventDate "2018.08.08"]
[EventType "swiss"]
[EventRounds "9"]
[EventCountry "CAN"]

1. e4 c5 2. Nc3 Nc6 3. f4 e6 4. Nf3 a6 5. a4 d5 6. d3 Nge7 7. g3 g6 8. Bg2 Bg7
9. O-O O-O 10. Kh1 d4 11. Ne2 e5 12. fxe5 Nxe5 13. Nxe5 Bxe5 14. Bh6 Bg7 15.
Qd2 Nc6 16. Bxg7 Kxg7 17. Nf4 Ne5 18. Nd5 f6 19. a5 Be6 20. Nb6 Rb8 21. h3 Qd6
22. Kh2 h5 23. b3 h4 24. Kg1 hxg3 25. Qf4 Rf7 26. Qxg3 Rh8 27. Nd5 Nc4 28. Qf2
Bxd5 29. bxc4 Be6 30. Qf3 g5 31. Rab1 Qe5 32. Rb6 Rh4 33. Rxe6 Qxe6 34. Qf5
Qxf5 35. exf5 Rh8 36. Rb1 Rb8 37. Rb6 Rd7 38. Bd5 Rf8 39. Bxb7 Rb8 40. Bxa6
Rxb6 41. axb6 Kf7 42. b7 Rd8 43. Bb5 Ke7 44. Bc6 Kd6 45. Be4 Ke5 46. Kg2 Kf4
47. Kf2 Rh8 48. Kg2 Ke3 49. Kg3 Kd2 50. Kf2 Kxc2 51. Ke2 Re8 52. Kf3 Kd2 53.
Kf2 Rh8 54. Kg2 Ke2 55. Kg3 Rb8 56. h4 gxh4+ 57. Kxh4 Rg8 58. Kh5 Ke3 59. Kh6
Kf4 60. Kh7 Rb8 61. Kg7 Rxb7+ 62. Bxb7 Kxf5 63. Kf7 Ke5 64. Kg6 Ke6 65. Bd5+
Ke5 66. Be4 Ke6 67. Bf5+ Ke5 68. Bh3 Kf4 69. Kxf6 Ke3 70. Bf5 1-0

[Event "CAN-ch U20 op"]
[Site "Toronto CAN"]
[Date "2018.08.09"]
[Round "2.11"]
[White "Ajith, Aayush"]
[Black "Qiao, Joey"]
[Result "1-0"]
[WhiteElo "1934"]
[BlackElo "1742"]
[PlyCount "133"]
[EventDate "2018.08.08"]
[EventType "swiss"]
[EventRounds "9"]
[EventCountry "CAN"]

1. d4 d5 2. c4 e6 3. Nc3 Nf6 4. cxd5 exd5 5. Bg5 Be7 6. e3 c6 7. Bd3 Be6 8. Nf3
Nbd7 9. O-O O-O 10. Qc2 h6 11. Bh4 Qc7 12. Rab1 a5 13. a3 Rac8 14. Rfc1 c5 15.
dxc5 Bxc5 16. Qd2 Qd6 17. Nb5 Qb6 18. Nfd4 Ne4 19. Bxe4 dxe4 20. Nxe6 Qxe6 21.
Nd4 Qd5 22. Rd1 Ne5 23. b4 axb4 24. axb4 Bb6 25. Nf5 Nf3+ 26. gxf3 Qxf5 27.
fxe4 Qxe4 28. Bg3 Rfd8 29. Qb2 h5 30. Qe5 Qxe5 31. Bxe5 f6 32. Bd6 Kf7 33. Bc5
Bc7 34. Ra1 Rxd1+ 35. Rxd1 Ke6 36. Bd4 Bd6 37. b5 Ra8 38. b6 Ra6 39. Rc1 Ra8
40. Kg2 g6 41. h3 Ke7 42. Kf3 Ke6 43. Ke4 Bh2 44. f4 Bg3 45. Rc7 Rb8 46. Rg7 h4
47. Rxg6 Rf8 48. f5+ Ke7 49. Rg7+ Rf7 50. Bc5+ Ke8 51. Rg8+ Kd7 52. Kd5 Be5 53.
Rg4 Bg3 54. Re4 Rh7 55. Re6 Be5 56. Bd4 Bxd4 57. Kxd4 Rf7 58. Kd5 Rf8 59. Re4
Rh8 60. Rg4 Rh7 61. Rg6 Ke7 62. Rg8 Rh5 63. e4 Kd7 64. Rg7+ Kc8 65. Rc7+ Kb8
66. Rf7 Rh6 67. Rf8# 1-0

[Event "CAN-ch U20 op"]
[Site "Toronto CAN"]
[Date "2018.08.09"]
[Round "2.12"]
[White "Laughlin, Braden"]
[Black "Huang, Youhe"]
[Result "1-0"]
[WhiteElo "1761"]
[BlackElo "1909"]
[PlyCount "41"]
[EventDate "2018.08.08"]
[EventType "swiss"]
[EventRounds "9"]
[EventCountry "CAN"]

1. e4 e5 2. Nf3 d6 3. d4 exd4 4. Nxd4 Nf6 5. Nc3 Be7 6. Be2 O-O 7. O-O Re8 8.
Be3 Bf8 9. f3 d5 10. Bf2 dxe4 11. fxe4 Nxe4 12. Nxe4 Rxe4 13. Bc4 Bg4 14. Qd3
Qe7 15. Bxf7+ Kh8 16. Bd5 Rxd4 17. Qxd4 Bc8 18. Rae1 Qd7 19. Bg3 Be7 20. Qe4
Bc5+ 21. Kh1 1-0

[Event "CAN-ch U20 op"]
[Site "Toronto CAN"]
[Date "2018.08.09"]
[Round "3.1"]
[White "Jiang, Brian"]
[Black "Zheng, Kevin"]
[Result "1/2-1/2"]
[WhiteElo "2094"]
[BlackElo "1966"]
[PlyCount "92"]
[EventDate "2018.08.08"]
[EventType "swiss"]
[EventRounds "9"]
[EventCountry "CAN"]

1. d4 Nf6 2. c4 g6 3. Nc3 d5 4. Qb3 dxc4 5. Qxc4 a6 6. Bf4 c6 7. e4 b5 8. Qd3
Bg7 9. Nf3 Bb7 10. Be2 O-O 11. Rd1 Qa5 12. Nd2 Nbd7 13. Nb3 Qb6 14. Be3 Qc7 15.
f4 e6 16. O-O Rad8 17. e5 Nd5 18. Ne4 N7b6 19. Bc1 Na4 20. Nbc5 Nxc5 21. Nxc5
a5 22. a3 b4 23. a4 Ra8 24. g4 Bc8 25. g5 Rd8 26. Qh3 Ne7 27. Bg4 Nf5 28. Bxf5
exf5 29. Rf3 Rd5 30. Qh4 Qd8 31. Nb3 c5 32. Qe1 cxd4 33. Rfd3 Bb7 34. Rxd4 Rxd4
35. Rxd4 Qb6 36. Be3 Qc6 37. Qg3 Bf8 38. Rd2 Rc8 39. Kf2 Qe4 40. Nd4 Rc1 41.
Qf3 Bc5 42. Qxe4 fxe4 43. Nb3 Bxe3+ 44. Kxe3 Rf1 45. Rf2 Rd1 46. Rd2 Rf1
1/2-1/2

[Event "CAN-ch U20 op"]
[Site "Toronto CAN"]
[Date "2018.08.09"]
[Round "3.2"]
[White "Singh, Malhar"]
[Black "Li, Eric M"]
[Result "1-0"]
[WhiteElo "1825"]
[BlackElo "2037"]
[PlyCount "63"]
[EventDate "2018.08.08"]
[EventType "swiss"]
[EventRounds "9"]
[EventCountry "CAN"]

1. d4 Nf6 2. Bg5 Ne4 3. Bf4 d5 4. f3 Nf6 5. c4 g6 6. Nc3 Bg7 7. e4 dxe4 8. fxe4
O-O 9. Be2 c5 10. d5 Qa5 11. Qd2 Rd8 12. h3 e6 13. e5 Nfd7 14. Nf3 Nb6 15. Bh6
exd5 16. Bxg7 Kxg7 17. Qg5 Nc6 18. Qf6+ Kg8 19. Ng5 Rf8 20. O-O Nd7 21. Qf4
Ncxe5 22. Qh4 h5 23. Bxh5 Kg7 24. Bxg6 Rh8 25. Rxf7+ Nxf7 26. Ne6+ Kxg6 27.
Qg4+ Kf6 28. Rf1+ Ke7 29. Nxd5+ Kd6 30. Nec7 Qxc7 31. Qg6+ Ke5 32. Re1+ 1-0

[Event "CAN-ch U20 op"]
[Site "Toronto CAN"]
[Date "2018.08.09"]
[Round "3.3"]
[White "Li, William"]
[Black "Zhao, Harry"]
[Result "1/2-1/2"]
[WhiteElo "2192"]
[BlackElo "2203"]
[PlyCount "51"]
[EventDate "2018.08.08"]
[EventType "swiss"]
[EventRounds "9"]
[EventCountry "CAN"]

1. e4 e6 2. d4 d5 3. Nc3 Bb4 4. Nge2 dxe4 5. a3 Bxc3+ 6. Nxc3 Nc6 7. Bb5 Nge7
8. Nxe4 O-O 9. c3 Qd5 10. Bd3 f5 11. Ng5 Qxg2 12. Qf3 Qxf3 13. Nxf3 Bd7 14. Bd2
Rae8 15. h4 Ng6 16. h5 Nh8 17. O-O-O Nf7 18. Bf4 e5 19. dxe5 Ncxe5 20. Nxe5
Nxe5 21. Bxe5 Rxe5 22. Bc4+ Be6 23. Bxe6+ Rxe6 24. Rd7 Rf7 25. Rd8+ Rf8 26. Rd7
1/2-1/2

[Event "CAN-ch U20 op"]
[Site "Toronto CAN"]
[Date "2018.08.09"]
[Round "3.4"]
[White "Zhong, Kevin"]
[Black "Gao, Raymond"]
[Result "1-0"]
[WhiteElo "2016"]
[BlackElo "1736"]
[PlyCount "91"]
[EventDate "2018.08.08"]
[EventType "swiss"]
[EventRounds "9"]
[EventCountry "CAN"]

1. e4 c5 2. Ne2 d6 3. g3 Nc6 4. Bg2 g6 5. c3 Bg7 6. d4 cxd4 7. cxd4 e6 8. Nbc3
Nge7 9. Be3 a6 10. a4 b6 11. Rb1 Bb7 12. O-O Rc8 13. b4 O-O 14. f4 d5 15. e5
Nf5 16. Qd2 Nce7 17. g4 Nh6 18. f5 Nxg4 19. f6 Bxf6 20. exf6 Nf5 21. Bf4 Rc4
22. h3 Nxf6 23. Bg5 Kg7 24. Rxf5 gxf5 25. Bh6+ Kh8 26. Bxf8 Qxf8 27. Qf4 Ne4
28. Nxe4 fxe4 29. Qe5+ Kg8 30. Rb3 h6 31. Nf4 Qg7 32. Qb8+ Bc8 33. Nxe6 Qf6 34.
Rg3+ Kh7 35. Nf4 Qxd4+ 36. Kh2 e3 37. Ne2 Qb2 38. Qd6 Be6 39. Rxe3 Qxb4 40. Qe5
Qf8 41. Bxd5 Rxa4 42. Be4+ f5 43. Bc6 f4 44. Be4+ Kg8 45. Qxe6+ Kg7 46. Qg6+
1-0

[Event "CAN-ch U20 op"]
[Site "Toronto CAN"]
[Date "2018.08.09"]
[Round "3.5"]
[White "Xu, Jeffrey"]
[Black "Zhao, Jeffrey Renfei"]
[Result "1-0"]
[WhiteElo "2221"]
[BlackElo "2002"]
[PlyCount "86"]
[EventDate "2018.08.08"]
[EventType "swiss"]
[EventRounds "9"]
[EventCountry "CAN"]

1. e4 e5 2. Nf3 Nc6 3. Bb5 a6 4. Ba4 Nf6 5. O-O Be7 6. Re1 b5 7. Bb3 O-O 8. d3
d6 9. c3 Be6 10. Bc2 h6 11. d4 exd4 12. Nxd4 Bd7 13. Nd2 Re8 14. Nf1 Bf8 15.
Ng3 Ne7 16. h3 c5 17. Nde2 Bc6 18. Nf4 Nd7 19. Qxd6 Qb6 20. Qd3 Ne5 21. Qf1
Rad8 22. Nfh5 N7g6 23. Kh1 c4 24. Be3 Bc5 25. Nf5 Bxe3 26. fxe3 Rd2 27. Re2
Red8 28. Nfxg7 Qb7 29. Nf5 Rxe2 30. Qxe2 Nd3 31. Nxh6+ Kf8 32. Rf1 Nde5 33. Nf4
Rd6 34. Nf5 Rf6 35. Qd2 Qc7 36. Nd4 Bd7 37. Qd1 Qc8 38. Nf5 Qc7 39. Nd5 Qd8 40.
Nxf6 Qxf6 41. Qh5 Bc6 42. Qh6+ Kg8 43. Ng3 Qh4 1-0

[Event "CAN-ch U20 op"]
[Site "Toronto CAN"]
[Date "2018.08.09"]
[Round "3.6"]
[White "Bremner, William"]
[Black "Adamo, Brendan"]
[Result "1-0"]
[WhiteElo "2198"]
[BlackElo "1821"]
[PlyCount "73"]
[EventDate "2018.08.08"]
[EventType "swiss"]
[EventRounds "9"]
[EventCountry "CAN"]

1. d4 Nf6 2. c4 g6 3. Nc3 Bg7 4. e4 d6 5. Nf3 O-O 6. Be2 e5 7. O-O Nc6 8. d5
Ne7 9. Ne1 Ne8 10. Be3 f5 11. f3 f4 12. Bf2 g5 13. g4 fxg3 14. hxg3 Qd7 15. Qd2
Rf6 16. g4 Ng6 17. Nd3 Nf4 18. Be3 h5 19. Nf2 Qf7 20. Nh1 hxg4 21. fxg4 Nh3+
22. Kg2 Nf4+ 23. Kg3 Rh6 24. Nf2 Bf6 25. Rh1 Rh4 26. Rxh4 gxh4+ 27. Kh2 Ng7 28.
Nd3 Bg5 29. Rf1 Bd7 30. Nxf4 exf4 31. Bxf4 Bf6 32. e5 dxe5 33. Bg5 Bxg5 34.
Qxg5 Qe8 35. Ne4 Qd8 36. Nf6+ Kh8 37. Qh6# 1-0

[Event "CAN-ch U20 op"]
[Site "Toronto CAN"]
[Date "2018.08.09"]
[Round "3.7"]
[White "Uthayakumar, Ronan"]
[Black "Zhang, Henry"]
[Result "0-1"]
[WhiteElo "1854"]
[BlackElo "2194"]
[PlyCount "86"]
[EventDate "2018.08.08"]
[EventType "swiss"]
[EventRounds "9"]
[EventCountry "CAN"]

1. e4 c5 2. Nf3 e6 3. d4 cxd4 4. Nxd4 Nc6 5. a3 Qc7 6. Nc3 a6 7. Be2 Nf6 8. Be3
Be7 9. O-O O-O 10. Qd2 d6 11. Rfd1 Bd7 12. f3 Rad8 13. Bf1 Bc8 14. Qf2 Nd7 15.
Nb3 b5 16. Rd2 Bb7 17. Rad1 Rfe8 18. Bxb5 axb5 19. Nxb5 Qb8 20. Nxd6 Bxd6 21.
Rxd6 Nde5 22. Rxd8 Rxd8 23. Rxd8+ Qxd8 24. Nc5 Bc8 25. Qe2 Nd4 26. Qf2 Nec6 27.
b4 e5 28. c4 Ne6 29. Qe1 Nxc5 30. Bxc5 Qd3 31. Qc1 Be6 32. b5 Na5 33. b6 Bxc4
34. Bb4 Nb7 35. a4 Qd4+ 36. Kh1 Be6 37. Qb1 Qxb6 38. a5 Nxa5 39. Qd1 Nc4 40.
Bc3 h6 41. h3 Qf2 42. Be1 Qxg2+ 43. Kxg2 Ne3+ 0-1

[Event "CAN-ch U20 op"]
[Site "Toronto CAN"]
[Date "2018.08.09"]
[Round "3.8"]
[White "Laughlin, Braden"]
[Black "Xu, Daniel"]
[Result "0-1"]
[WhiteElo "1761"]
[BlackElo "2095"]
[PlyCount "88"]
[EventDate "2018.08.08"]
[EventType "swiss"]
[EventRounds "9"]
[EventCountry "CAN"]

1. e4 c5 2. Nf3 d6 3. d4 cxd4 4. Nxd4 Nf6 5. Nc3 a6 6. Bg5 e6 7. f4 Be7 8. Qf3
Qc7 9. O-O-O Nbd7 10. g4 h6 11. Bh4 g5 12. fxg5 Ne5 13. Qe2 Nfxg4 14. h3 hxg5
15. Bg3 b5 16. Bg2 Nf6 17. Bxe5 dxe5 18. Nb3 Nh5 19. Qf2 Nf4 20. Kb1 Bd7 21.
Ne2 Nxe2 22. Qxe2 a5 23. Rhf1 a4 24. Nc1 b4 25. Rf3 Qa5 26. Rdf1 f6 27. Rd1 Bb5
28. Qf2 b3 29. cxb3 axb3 30. Rxf6 Rc8 31. Rxe6 Rxc1+ 32. Kxc1 bxa2 33. Kc2 Qc7+
34. Kd2 Qd7+ 35. Ke1 Qxd1+ 36. Kxd1 a1=Q+ 37. Kc2 Qa4+ 38. Kd2 Qb4+ 39. Kc1
Qc4+ 40. Kb1 Qxe6 41. Qc2 O-O 42. Qd1 Rd8 43. Qh5 Bd3+ 44. Kc1 Qc4+ 0-1

[Event "CAN-ch U20 op"]
[Site "Toronto CAN"]
[Date "2018.08.09"]
[Round "3.9"]
[White "Ajith, Aayush"]
[Black "Li, Kevin"]
[Result "1-0"]
[WhiteElo "1934"]
[BlackElo "1706"]
[PlyCount "129"]
[EventDate "2018.08.08"]
[EventType "swiss"]
[EventRounds "9"]
[EventCountry "CAN"]

1. d4 Nf6 2. c4 g6 3. Nc3 Bg7 4. e4 d6 5. Nf3 O-O 6. Be2 e5 7. O-O Nc6 8. d5
Ne7 9. Ne1 Ne8 10. Be3 f5 11. f3 Nf6 12. a4 f4 13. Bf2 g5 14. a5 h5 15. c5 Ng6
16. Nd3 g4 17. cxd6 cxd6 18. Nb5 gxf3 19. Bxf3 Ng4 20. Qc2 Rf7 21. Nxa7 Nxf2
22. Qxf2 Bg4 23. Nb5 Nh4 24. Bxg4 hxg4 25. Nxd6 Qxd6 26. Qxh4 Qg6 27. Nc5 Bf6
28. Qe1 Rh7 29. g3 f3 30. Ne6 Re8 31. Rc1 Kf7 32. Rc7+ Be7 33. Rf2 Kf6 34. Rxb7
Qh5 35. Qd2 Reh8 36. d6 Kxe6 37. Qd5+ Kf6 38. Rxe7 Rxe7 39. dxe7 Qg5 40. Qd2
Qg7 41. Qd6+ Kg5 42. Qe6 Re8 43. Qf5+ Kh6 44. Rc2 Qxe7 45. Rc6+ Kg7 46. Rg6+
Kh8 47. Qh5+ Qh7 48. Rh6 Re7 49. Rxh7+ Rxh7 50. Qxe5+ Rg7 51. Qh5+ Rh7 52. Qe8+
Kg7 53. Qe7+ Kg6 54. Qxh7+ Kxh7 55. a6 Kg6 56. a7 Kf6 57. a8=Q Ke5 58. Qd5+ Kf6
59. Qf5+ Kg7 60. e5 Kh6 61. e6 Kg7 62. e7 Kh6 63. e8=R Kg7 64. Re7+ Kg8 65.
Qc8# 1-0

[Event "CAN-ch U20 op"]
[Site "Toronto CAN"]
[Date "2018.08.09"]
[Round "3.10"]
[White "Zhao, Jeffrey R"]
[Black "Rusonik, Max"]
[Result "0-1"]
[WhiteElo "2017"]
[BlackElo "1970"]
[PlyCount "108"]
[EventDate "2018.08.08"]
[EventType "swiss"]
[EventRounds "9"]
[EventCountry "CAN"]

1. e4 e5 2. Nf3 Nc6 3. Bc4 Bc5 4. O-O Nf6 5. d3 d6 6. c3 Bb6 7. a4 a6 8. Na3 h6
9. Re1 g5 10. Nc2 g4 11. Nh4 Nxe4 12. dxe4 Qxh4 13. Be3 Bxe3 14. Nxe3 Ne7 15.
Nd5 Nxd5 16. Qxd5 Qe7 17. Rf1 c6 18. Qd3 Be6 19. b4 Bxc4 20. Qxc4 Qe6 21. Qd3
Ke7 22. f4 gxf3 23. Rxf3 Rad8 24. Raf1 Rhf8 25. Qe3 d5 26. Rf5 f6 27. Qxh6 dxe4
28. Qh4 Rd3 29. Qxe4 Rxc3 30. Rd1 Rc4 31. Qb1 Rd8 32. Rdf1 Rf8 33. Rd1 e4 34.
Rf2 e3 35. Re2 f5 36. Qd3 Re4 37. Qc3 Re5 38. Rf1 f4 39. Qd4 Rd5 40. Qc4 Qe5
41. Qc2 Rf7 42. Qb3 Qe4 43. h3 Rd3 44. Qc2 Qd4 45. Rf3 Rd2 46. Rexe3+ fxe3 47.
Rxf7+ Kxf7 48. Qh7+ Ke6 49. Qg8+ Ke5 50. Qg7+ Kd5 51. Qf7+ Kd6 52. Qf8+ Kc7 53.
Qe7+ Kb8 54. Qe8+ Ka7 0-1

[Event "CAN-ch U20 op"]
[Site "Toronto CAN"]
[Date "2018.08.09"]
[Round "3.11"]
[White "Ning, Eric"]
[Black "James, Rowan"]
[Result "0-1"]
[WhiteElo "1955"]
[BlackElo "1904"]
[PlyCount "66"]
[EventDate "2018.08.08"]
[EventType "swiss"]
[EventRounds "9"]
[EventCountry "CAN"]

1. d4 d5 2. c4 e6 3. Nc3 Nf6 4. cxd5 exd5 5. Bg5 Be7 6. e3 O-O 7. Bd3 Nbd7 8.
Nf3 c6 9. Qc2 Re8 10. O-O-O b5 11. Ne5 Nxe5 12. dxe5 Nd7 13. Bxh7+ Kh8 14. Bxe7
Qxe7 15. f4 f6 16. e4 fxe5 17. fxe5 Qxe5 18. exd5 Nf6 19. Rhf1 b4 20. Ne4 Ba6
21. Nxf6 gxf6 22. Rf5 Qe7 23. d6 Qxh7 24. Rxf6 Kg8 25. Rg6+ Kh8 26. Qf5 Rg8 27.
Qf6+ Rg7 28. d7 Qxg6 29. d8=Q+ Rxd8 30. Rxd8+ Kh7 31. Qf3 Qg5+ 32. Kb1 Qxd8 33.
Qf5+ Kh8 0-1

[Event "CAN-ch U20 op"]
[Site "Toronto CAN"]
[Date "2018.08.09"]
[Round "3.12"]
[White "Huang, Youhe"]
[Black "Liu, Harrison"]
[Result "1-0"]
[WhiteElo "1909"]
[BlackElo "1787"]
[PlyCount "59"]
[EventDate "2018.08.08"]
[EventType "swiss"]
[EventRounds "9"]
[EventCountry "CAN"]

1. e4 c5 2. Nc3 Nc6 3. g3 Nf6 4. Bg2 e6 5. f4 d5 6. e5 Nd7 7. Nf3 Nb6 8. Ne2
Be7 9. O-O d4 10. g4 Nd5 11. a3 Qb6 12. c4 dxc3 13. dxc3 Na5 14. c4 Nb3 15. Rb1
Nxc1 16. cxd5 Nxe2+ 17. Qxe2 exd5 18. Nd2 c4+ 19. Kh1 Qa5 20. f5 Bd7 21. f6 Bf8
22. b4 Qb5 23. Qf2 Be6 24. Nf3 g6 25. Nd4 Qb6 26. Nxe6 Qxe6 27. Rbd1 O-O-O 28.
Qxa7 Qxe5 29. Qa8+ Kc7 30. Qa5+ 1-0

[Event "CAN-ch U20 op"]
[Site "Toronto CAN"]
[Date "2018.08.10"]
[Round "4.1"]
[White "Jiang, Brian"]
[Black "Singh, Malhar"]
[Result "1-0"]
[WhiteElo "2094"]
[BlackElo "1825"]
[PlyCount "51"]
[EventDate "2018.08.08"]
[EventType "swiss"]
[EventRounds "9"]
[EventCountry "CAN"]

1. d4 Nf6 2. c4 c5 3. d5 e6 4. Nc3 exd5 5. cxd5 d6 6. Nf3 g6 7. Bf4 Bg7 8. Qa4+
Bd7 9. Qb3 Qc7 10. h3 O-O 11. e3 a6 12. a4 Bf5 13. Nd2 Nbd7 14. g4 Bxg4 15.
hxg4 Nxg4 16. Be2 Nge5 17. Bh6 f5 18. Bxg7 Kxg7 19. f4 c4 20. Qc2 Nd3+ 21. Bxd3
cxd3 22. Qxd3 Nc5 23. Qd4+ Kg8 24. Kf2 Rae8 25. b4 Nd7 26. Rxh7 1-0